[Event "Euskadi-ch"]
[Site "Getxo"]
[Date "2023.04.14"]
[Round "4.8"]
[White "Padilla Cabero, Pablo"]
[Black "Alvarez De Arcaya Esquide, Carlos Javier"]
[Result "1-0"]
[WhiteElo "2090"]
[BlackElo "1885"]
[PlyCount "53"]
[EventDate "2023.04.12"]
[EventType "swiss"]
[EventRounds "7"]
[EventCountry "ESP"]
[SourceTitle "EXT 2024"]
[Source "ChessBase"]
[SourceDate "2023.10.10"]
[SourceVersion "1"]
[SourceVersionDate "2023.10.10"]
[SourceQuality "1"]

1. e4 c6 2. d4 d5 3. e5 c5 4. dxc5 e6 5. a3 Nc6 6. b4 a5 7. b5 Nxe5 8. Bb2 Nd7 9. c4 Nxc5 10. Nf3 Nf6 11. Nc3 Be7 12. Qc2 dxc4 13. Bxc4 Qc7 14. 0-0 b6 15. Rfe1 Bd6 16. Na4 Ncd7 17. Rac1 Qb8 18. Bxe6 0-0 19. Bxf7+ Rxf7 20. Ng5 Bb7 21. Nxf7 Kxf7 22. h3 Bh2+ 23. Kh1 Qf4 24. Rcd1 Rc8 25. Qe2 Re8 26. Rxd7+ Kf8 27. Re7 1-0

[Event "BCF-chT3Sa 1617 (4NCL)"]
[Site "England"]
[Date "2016.11.27"]
[Round "2.15"]
[White "Gregory, Keith D"]
[Black "Padilla Cabero, Pablo"]
[Result "1/2-1/2"]
[WhiteElo "1995"]
[BlackElo "2173"]
[PlyCount "27"]
[EventDate "2016.11.26"]
[EventType "team-tourn"]
[EventRounds "11"]
[EventCountry "ENG"]
[SourceTitle "EXT 2019"]
[Source "ChessBase"]
[SourceDate "2018.10.10"]
[SourceVersion "1"]
[SourceVersionDate "2018.10.10"]
[SourceQuality "1"]
[WhiteTeam "Wessex"]
[BlackTeam "Brown Jack"]
[WhiteTeamCountry "ENG"]
[BlackTeamCountry "ENG"]

1. Nf3 f5 2. g3 g6 3. Bg2 Nh6 4. 0-0 Bg7 5. c4 0-0 6. Nc3 c6 7. d3 Nf7 8. Bd2 d6 9. Rb1 Na6 10. b4 Nc7 11. a4 Bd7 12. b5 e5 13. Ne1 Qe7 14. Nc2 1/2-1/2

[Event "BCF-chT2d 1516 (4NCL) Demotion pool"]
[Site "England"]
[Date "2016.05.02"]
[Round "11.7"]
[White "Padilla Cabero, Pablo"]
[Black "Chevannes, Sabrina"]
[Result "1-0"]
[WhiteElo "2165"]
[BlackElo "2086"]
[PlyCount "79"]
[EventDate "2015.11.14"]
[EventType "team-tourn"]
[EventRounds "4"]
[EventCountry "ENG"]
[SourceTitle "EXT 2023"]
[Source "ChessBase"]
[SourceDate "2022.10.05"]
[SourceVersion "1"]
[SourceVersionDate "2022.10.05"]
[SourceQuality "1"]
[WhiteTeam "Brown Jack Witney"]
[BlackTeam "Cambridge II"]
[WhiteTeamCountry "ENG"]
[BlackTeamCountry "ENG"]

1. e4 c6 2. d4 d5 3. e5 Bf5 4. g4 Bd7 5. Nh3 c5 6. c3 Nc6 7. Nf4 e6 8. Be3 Qb6 9. Qd2 Rc8 10. Be2 cxd4 11. cxd4 Na5 12. Nc3 Nc4 13. Bxc4 Rxc4 14. 0-0 Qd8 15. Rac1 h5 16. b3 Rc6 17. Nxh5 g6 18. Bg5 Qc8 19. Ng3 Bb4 20. Nge2 a6 21. Qe3 Be7 22. Bxe7 Nxe7 23. Na4 Rxc1 24. Rxc1 Qd8 25. Nc5 Bc6 26. Qg5 Qa5 27. a4 Rh3 28. Kg2 Rh7 29. Qe3 Qd8 30. Nf4 Rh4 31. h3 Ng8 32. Nxa6 Nh6 33. Ne2 Nxg4 34. hxg4 Rxg4+ 35. Ng3 f5 36. exf6 Qxf6 37. Nb4 Rxd4 38. Nxc6 bxc6 39. Rxc6 Kd7 40. Rxe6 1-0

[Event "BCF-chT2a 1516 (4NCL)"]
[Site "England"]
[Date "2016.02.13"]
[Round "5.217"]
[White "Baruch, Andrew JD"]
[Black "Padilla Cabero, Pablo"]
[Result "1-0"]
[WhiteElo "2078"]
[BlackElo "2176"]
[PlyCount "69"]
[EventDate "2015.11.14"]
[EventType "team-tourn"]
[EventRounds "7"]
[EventCountry "ENG"]
[SourceTitle "CBM 170 Extra"]
[Source "ChessBase"]
[SourceDate "2016.02.25"]
[SourceVersion "1"]
[SourceVersionDate "2016.02.25"]
[SourceQuality "1"]
[WhiteTeam "Warwicks Select"]
[BlackTeam "Brown Jack Witney"]
[WhiteTeamCountry "ENG"]
[BlackTeamCountry "ENG"]

1. g3 d5 2. Bg2 Nf6 3. c4 c6 4. Nf3 Bf5 5. b3 Qc8 6. h3 Bxb1 7. Rxb1 e6 8. 0-0 Na6 9. Bb2 Bd6 10. a3 Qc7 11. cxd5 cxd5 12. Rc1 Qb6 13. b4 0-0 14. Bd4 Qb5 15. Qc2 Nb8 16. a4 Qxe2 17. Rfe1 Qc4 18. Qb2 Qxb4 19. Bxf6 gxf6 20. Qxf6 Be7 21. Qh6 Nd7 22. Rc7 Nf6 23. Ng5 Rfc8 24. Rec1 Rxc7 25. Rxc7 Rf8 26. Bf1 e5 27. Bb5 a6 28. Bd7 Qb1+ 29. Kg2 Qg6 30. Qxg6+ hxg6 31. h4 Bb4 32. d3 b6 33. Bc8 Ne8 34. Re7 Nd6 35. Bxa6 1-0

[Event "BCF-chT2a 1415 (4NCL)"]
[Site "England"]
[Date "2014.11.15"]
[Round "1.41"]
[White "Padilla Cabero, Pablo"]
[Black "Lee, Richard WY"]
[Result "1/2-1/2"]
[WhiteElo "2160"]
[BlackElo "2149"]
[PlyCount "123"]
[EventDate "2014.11.15"]
[EventType "team-tourn"]
[EventRounds "7"]
[EventCountry "ENG"]
[SourceTitle "CBM 163 Extra"]
[Source "ChessBase"]
[SourceDate "2014.12.23"]
[SourceVersion "1"]
[SourceVersionDate "2014.12.23"]
[SourceQuality "1"]
[WhiteTeam "Brown Jack Witney"]
[BlackTeam "Cambridge II"]
[WhiteTeamCountry "ENG"]
[BlackTeamCountry "ENG"]

1. e4 e6 2. d4 d5 3. e5 c5 4. c3 Qb6 5. Ne2 Nc6 6. g3 cxd4 7. cxd4 Nge7 8. Bh3 Nf5 9. Bxf5 exf5 10. Nbc3 Be6 11. Rb1 Bb4 12. Qd3 0-0 13. 0-0 Rac8 14. Rd1 Qc7 15. Nb5 Qd8 16. a3 Be7 17. b4 a5 18. Bd2 axb4 19. axb4 Qd7 20. Nd6 Bxd6 21. exd6 Qxd6 22. b5 Ne7 23. Bb4 Qd7 24. Bc5 Ra8 25. Ra1 Rfe8 26. f4 Kh8 27. Nc3 Ng8 28. b6 Nf6 29. Nb5 Ne4 30. Nc7 Rxa1 31. Rxa1 Rd8 32. Ra7 Qc6 33. Qa3 h6 34. Qb4 Kh7 35. Qb5 Bd7 36. Qb4 g5 37. fxg5 hxg5 38. Ra2 f4 39. gxf4 gxf4 40. Qe1 Rg8+ 41. Kh1 Nxc5 42. Qh4+ Qh6 43. Qxh6+ Kxh6 44. dxc5 d4 45. h3 d3 46. Rd2 Bc6+ 47. Kh2 Rg3 48. Rb2 Re3 49. Kg1 Rxh3 50. Rd2 Rh1+ 51. Kf2 Rh2+ 52. Ke1 Rh1+ 53. Kf2 Rh2+ 54. Ke1 Rxd2 55. Kxd2 f3 56. Kxd3 Kg5 57. Ke3 Kg4 58. Kf2 Kf4 59. Na8 Ke4 60. Nc7 Kd4 61. Na8 Kxc5 62. Ke3 1/2-1/2

[Event "BCF-ch Week2 AM op"]
[Site "Aberystwyth"]
[Date "2014.08.01"]
[Round "5"]
[White "Smith, Peter R"]
[Black "Padilla Cabero, Pablo"]
[Result "1-0"]
[WhiteElo "1993"]
[BlackElo "2161"]
[PlyCount "51"]
[EventDate "2014.07.28"]
[EventType "swiss"]
[EventRounds "5"]
[EventCountry "WLS"]
[SourceTitle "EXT 2017"]
[Source "ChessBase"]
[SourceDate "2016.10.25"]
[SourceVersion "1"]
[SourceVersionDate "2016.10.25"]
[SourceQuality "1"]

1. Nf3 d6 2. d4 f5 3. g3 g6 4. Bg2 Bg7 5. 0-0 Nh6 6. c4 0-0 7. Nc3 c6 8. b3 Na6 9. Bb2 e5 10. d5 c5 11. Qd2 Nf7 12. a3 Bd7 13. Ne1 Bh6 14. Qc2 g5 15. g4 Qf6 16. gxf5 Bxf5 17. Be4 Bh3 18. Ng2 Qg7 19. Bf5 g4 20. Ne4 Nc7 21. Bc1 Bxc1 22. Raxc1 Rad8 23. Rfd1 Nh6 24. Ng3 Nxf5 25. Nxf5 Rf6 26. Nxg7 1-0

[Event "BCF-ch Week2 AM op"]
[Site "Aberystwyth"]
[Date "2014.07.31"]
[Round "4"]
[White "Padilla Cabero, Pablo"]
[Black "Archer Lock, Christopher J"]
[Result "1-0"]
[WhiteElo "2161"]
[BlackElo "2011"]
[PlyCount "105"]
[EventDate "2014.07.28"]
[EventType "swiss"]
[EventRounds "5"]
[EventCountry "WLS"]
[SourceTitle "EXT 2017"]
[Source "ChessBase"]
[SourceDate "2016.10.25"]
[SourceVersion "1"]
[SourceVersionDate "2016.10.25"]
[SourceQuality "1"]

1. e4 e6 2. d4 d5 3. e5 c5 4. c3 Bd7 5. g3 Qb6 6. a4 Nc6 7. Ne2 Na5 8. Nd2 c4 9. Bh3 Ne7 10. 0-0 h5 11. Nf4 g6 12. Re1 0-0-0 13. Qf3 Kb8 14. Ra2 Nec6 15. Bg2 Be7 16. h4 Nb3 17. Nf1 Nxc1 18. Rxc1 Na5 19. Nxd5 exd5 20. Qxf7 Qe6 21. Bxd5 Qxf7 22. Bxf7 g5 23. hxg5 Bxg5 24. f4 Rdf8 25. e6 Bh6 26. Re1 Be8 27. Bxe8 Rxe8 28. d5 Rhg8 29. Re4 Kc7 30. Ra1 h4 31. Kf2 Bf8 32. Kf3 Re7 33. g4 Reg7 34. g5 Be7 35. Ne3 Bxg5 36. Nf5 Rg6 37. d6+ Kd8 38. fxg5 Rxg5 39. Kf4 Nc6 40. Rh1 Rg2 41. Kf3 Rxb2 42. Rhxh4 Rb1 43. Ne3 Rf8+ 44. Rhf4 Rh8 45. e7+ Kd7 46. Rf8 Rh3+ 47. Kg2 Rbh1 48. e8Q+ Kxd6 49. Rf6+ Kc5 50. Rxc4+ Kb6 51. Rfxc6+ Ka5 52. Qe5+ b5 53. Qxb5# 1-0

[Event "BCF-ch Week2 AM op"]
[Site "Aberystwyth"]
[Date "2014.07.28"]
[Round "1"]
[White "Twigge Molecey, Billy"]
[Black "Padilla Cabero, Pablo"]
[Result "1/2-1/2"]
[WhiteElo "1877"]
[BlackElo "2161"]
[PlyCount "72"]
[EventDate "2014.07.28"]
[EventType "swiss"]
[EventRounds "5"]
[EventCountry "WLS"]
[SourceTitle "EXT 2017"]
[Source "ChessBase"]
[SourceDate "2016.10.25"]
[SourceVersion "1"]
[SourceVersionDate "2016.10.25"]
[SourceQuality "1"]

1. e4 Nf6 2. e5 Nd5 3. d4 c5 4. c4 Nb4 5. d5 d6 6. a3 Qa5 7. Bd2 Bf5 8. Nf3 Qa6 9. Bxb4 cxb4 10. exd6 Qxd6 11. Bd3 Bd7 12. 0-0 g6 13. Nbd2 Bg7 14. Ne4 Qb6 15. c5 Qd8 16. Qe2 0-0 17. axb4 Bg4 18. Nc3 Nd7 19. h3 Bxf3 20. Qxf3 a5 21. Qe4 axb4 22. Qxb4 Qc7 23. d6 exd6 24. cxd6 Qc5 25. Qxb7 Rxa1 26. Rxa1 Qxd6 27. Be2 Nb6 28. Rd1 Qb4 29. Na4 Qxa4 30. Qxb6 Qc2 31. Bf3 Bxb2 32. Qe3 Qf5 33. Qe4 Qf6 34. g3 Ba3 35. Kg2 Bc5 36. Qc6 Qxc6 1/2-1/2

[Event "BCF-chT2d 1314 (4NCL)"]
[Site "England"]
[Date "2014.05.04"]
[Round "10.51"]
[White "Padilla Cabero, Pablo"]
[Black "Lock, Gavin R"]
[Result "1-0"]
[WhiteElo "2166"]
[BlackElo "2182"]
[PlyCount "115"]
[EventDate "2013.11.16"]
[EventType "team-tourn"]
[EventRounds "11"]
[EventCountry "ENG"]
[SourceTitle "EXT 2015"]
[Source "ChessBase"]
[SourceDate "2014.11.20"]
[SourceVersion "1"]
[SourceVersionDate "2014.11.20"]
[SourceQuality "1"]
[WhiteTeam "Brown Jack"]
[BlackTeam "Wessex"]
[WhiteTeamCountry "ENG"]
[BlackTeamCountry "ENG"]

1. e4 e6 2. d4 d5 3. e5 c5 4. c3 Qb6 5. Ne2 Nc6 6. g3 cxd4 7. cxd4 Nh6 8. Bh3 Nf5 9. Bxf5 exf5 10. 0-0 Be6 11. Nbc3 Be7 12. h4 0-0 13. Bg5 h6 14. Bxe7 Nxe7 15. Qd3 Rac8 16. Rab1 Rc6 17. Nf4 Rfc8 18. Rfd1 Rc4 19. Rd2 Qa5 20. Rbd1 b5 21. a3 b4 22. axb4 Rxb4 23. Qf3 Rcb8 24. Rb1 Rb3 25. Rdd1 Rxb2 26. Ra1 Qd8 27. Rxa7 R2b3 28. Rd3 Nc6 29. Ra4 Nb4 30. Rd2 Rc8 31. Nfe2 Qd7 32. Ra1 Rc4 33. Rc1 Qc6 34. Kh2 Qa6 35. Qh1 Qb7 36. Qd1 Nc6 37. Na2 Rxc1 38. Naxc1 Rb1 39. Qc2 Qb6 40. Nd3 Na5 41. Nc3 Ra1 42. Nc5 Nc4 43. Re2 Qb4 44. Nd3 Qb6 45. Nc5 Qb4 46. Na2 Qb5 47. Kg2 Na3 48. Qb2 Rd1 49. Nc3 Qxb2 50. Rxb2 Rxd4 51. Rb8+ Kh7 52. Ne2 Rc4 53. Nxe6 fxe6 54. Nf4 Rc6 55. h5 g5 56. hxg6+ Kg7 57. Rb7+ Kg8 58. Nh5 1-0

[Event "BCF-chT2d 1314 (4NCL)"]
[Site "England"]
[Date "2014.05.03"]
[Round "9.81"]
[White "Sathyanandha, Saravanan"]
[Black "Padilla Cabero, Pablo"]
[Result "1-0"]
[WhiteElo "2193"]
[BlackElo "2166"]
[PlyCount "55"]
[EventDate "2013.11.16"]
[EventType "team-tourn"]
[EventRounds "11"]
[EventCountry "ENG"]
[SourceTitle "EXT 2015"]
[Source "ChessBase"]
[SourceDate "2014.11.20"]
[SourceVersion "1"]
[SourceVersionDate "2014.11.20"]
[SourceQuality "1"]
[WhiteTeam "KJCA Kings"]
[BlackTeam "Brown Jack"]
[WhiteTeamCountry "ENG"]
[BlackTeamCountry "ENG"]

1. e4 c5 2. c3 Nf6 3. e5 Nd5 4. d4 cxd4 5. Nf3 e6 6. cxd4 b6 7. Nc3 Nxc3 8. bxc3 Qc7 9. Bd2 Ba6 10. Bxa6 Nxa6 11. Ng5 Be7 12. Qf3 0-0 13. h4 g6 14. Qd3 Qb7 15. 0-0-0 Rac8 16. Kb1 Nc7 17. Nxh7 Kxh7 18. h5 Rh8 19. hxg6+ Kg7 20. Bh6+ Kg8 21. Ka1 Nd5 22. Bd2 Kg7 23. Bh6+ Kg8 24. Bg5 Kg7 25. Qf3 fxg6 26. Rxh8 Rxc3 27. Bh6+ Kxh8 28. Qf7 1-0

[Event "BCF-chT2b 1314 (4NCL)"]
[Site "England"]
[Date "2014.03.22"]
[Round "7.51"]
[White "Dineley, Richard"]
[Black "Padilla Cabero, Pablo"]
[Result "1-0"]
[WhiteElo "2248"]
[BlackElo "2161"]
[PlyCount "53"]
[EventDate "2013.11.16"]
[EventType "team-swiss"]
[EventRounds "11"]
[EventCountry "ENG"]
[SourceTitle "EXT 2015"]
[Source "ChessBase"]
[SourceDate "2014.11.20"]
[SourceVersion "1"]
[SourceVersionDate "2014.11.20"]
[SourceQuality "1"]
[WhiteTeam "South Wales Dragons"]
[BlackTeam "Brown Jack"]
[WhiteTeamCountry "ENG"]
[BlackTeamCountry "ENG"]

1. e4 Nf6 2. e5 Nd5 3. d4 c5 4. c4 Nb4 5. dxc5 d6 6. a3 Qa5 7. Bd2 dxc5 8. Bc3 Qa6 9. Nd2 N4c6 10. Bd3 Qb6 11. Ne4 h6 12. Nf3 Be6 13. b4 Nd7 14. Qa4 0-0-0 15. b5 Ndxe5 16. Bxe5 Nxe5 17. Nxe5 f5 18. Nd2 g5 19. 0-0 Bg7 20. Rae1 Bxe5 21. Rxe5 Rxd3 22. Rfe1 Rxd2 23. Rxe6 Rd6 24. Rxe7 Rhd8 25. Qc2 Rd3 26. Re8 Qf6 27. Qxd3 1-0

[Event "BCF-chT2b 1314 (4NCL)"]
[Site "England"]
[Date "2014.01.12"]
[Round "4.83"]
[White "Padilla Cabero, Pablo"]
[Black "Cenal Gutierrez, Ruben"]
[Result "1/2-1/2"]
[WhiteElo "2149"]
[BlackElo "2234"]
[PlyCount "70"]
[EventDate "2013.11.16"]
[EventType "team-swiss"]
[EventRounds "11"]
[EventCountry "ENG"]
[SourceTitle "EXT 2015"]
[Source "ChessBase"]
[SourceDate "2014.11.20"]
[SourceVersion "1"]
[SourceVersionDate "2014.11.20"]
[SourceQuality "1"]
[WhiteTeam "Brown Jack"]
[BlackTeam "Hackney"]
[WhiteTeamCountry "ENG"]
[BlackTeamCountry "ENG"]

1. e4 c5 2. Nc3 a6 3. g3 b5 4. Bg2 Bb7 5. Nge2 Nf6 6. 0-0 b4 7. Nd5 Nxd5 8. exd5 d6 9. d4 c4 10. Re1 Nd7 11. c3 Nb6 12. Nf4 a5 13. cxb4 axb4 14. Bd2 Qd7 15. Bxb4 g6 16. b3 Bh6 17. Qf3 cxb3 18. Qxb3 Bxf4 19. gxf4 0-0 20. Bd2 Rfb8 21. Qxb6 Bxd5 22. Qxb8+ Rxb8 23. Bxd5 e6 24. Bf3 Qa4 25. Be3 Rb2 26. a3 d5 27. Rec1 Kg7 28. Bd1 Qa5 29. Bf3 Qa4 30. Rc5 Rb3 31. f5 gxf5 32. Kh1 f4 33. Rg1+ Kf6 34. Bd1 fxe3 35. fxe3 Qxa3 1/2-1/2

[Event "BCF-chT2b 1314 (4NCL)"]
[Site "England"]
[Date "2014.01.11"]
[Round "3.73"]
[White "Snape, Ian L"]
[Black "Padilla Cabero, Pablo"]
[Result "0-1"]
[WhiteElo "2247"]
[BlackElo "2149"]
[PlyCount "120"]
[EventDate "2013.11.16"]
[EventType "team-swiss"]
[EventRounds "11"]
[EventCountry "ENG"]
[SourceTitle "EXT 2015"]
[Source "ChessBase"]
[SourceDate "2014.11.20"]
[SourceVersion "1"]
[SourceVersionDate "2014.11.20"]
[SourceQuality "1"]
[WhiteTeam "The ADS"]
[BlackTeam "Brown Jack"]
[WhiteTeamCountry "ENG"]
[BlackTeamCountry "ENG"]

1. e4 Nf6 2. e5 Nd5 3. d4 c5 4. dxc5 e6 5. Nd2 Bxc5 6. Ne4 Nc6 7. Nf3 0-0 8. Bd3 f5 9. exf6 Nxf6 10. Qe2 Be7 11. Nxf6+ Bxf6 12. Qe4 Qa5+ 13. Bd2 Qh5 14. c4 d5 15. Qe2 Bd7 16. 0-0 Rae8 17. Ng5 Qxe2 18. Bxe2 h6 19. Nh3 Nd4 20. Bh5 Rc8 21. cxd5 exd5 22. Bc3 Nc2 23. Rac1 d4 24. Rxc2 dxc3 25. bxc3 Ba4 26. Rcc1 Bxc3 27. Bg4 Rc7 28. Be6+ Kh7 29. Bd5 g5 30. g3 Rd8 31. Bxb7 Rd2 32. Be4+ Kh8 33. a3 Ra2 34. Rfe1 Rxa3 35. Re3 Be5 36. Rb1 Ra1 37. Rxa1 Bxa1 38. Ra3 Rc1+ 39. Kg2 Bb5 40. Nxg5 hxg5 41. Rxa7 g4 42. h4 Bd4 43. Rf7 Re1 44. Rf8+ Kg7 45. Rf4 Rxe4 46. Rxe4 Bc6 47. f3 Bxe4 48. fxe4 Kf6 49. Kf1 Ke5 50. Ke2 Kxe4 51. Kd2 Bf2 52. Ke2 Be3 53. h5 Bh6 54. Kf2 Kd3 55. Kf1 Ke3 56. Kg2 Ke2 57. Kg1 Kf3 58. Kh2 Kf2 59. Kh1 Kxg3 60. Kg1 Kh3 0-1

[Event "BCF-chT2b 1314 (4NCL)"]
[Site "England"]
[Date "2013.11.17"]
[Round "2.83"]
[White "Padilla Cabero, Pablo"]
[Black "Berry, Neil"]
[Result "1-0"]
[WhiteElo "2144"]
[BlackElo "2254"]
[PlyCount "97"]
[EventDate "2013.11.16"]
[EventType "team-swiss"]
[EventRounds "11"]
[EventCountry "ENG"]
[SourceTitle "CBM 157 Extra"]
[Source "ChessBase"]
[SourceDate "2013.12.19"]
[SourceVersion "1"]
[SourceVersionDate "2013.12.19"]
[SourceQuality "1"]
[WhiteTeam "Brown Jack"]
[BlackTeam "Barbican Youth"]
[WhiteTeamCountry "ENG"]
[BlackTeamCountry "ENG"]

1. e4 e5 2. Nc3 Nf6 3. d4 d6 4. f4 exd4 5. Qxd4 Nc6 6. Bb5 Bd7 7. Qe3 g6 8. Bd2 Bg7 9. Nf3 0-0 10. 0-0-0 a6 11. Ba4 Re8 12. Bb3 Na5 13. Rhe1 c5 14. Qd3 b5 15. Bd5 c4 16. Qf1 Rb8 17. e5 b4 18. exf6 bxc3 19. Bxf7+ Kxf7 20. Ng5+ Kg8 21. f7+ Kh8 22. fxe8Q+ Bxe8 23. Bxc3 Bxc3 24. bxc3 Qb6 25. Qg1 Qb2+ 26. Kd2 Ba4 27. Qd4+ Kg8 28. Qd5+ Kh8 29. Rc1 Qb6 30. Qd4+ Qxd4+ 31. cxd4 Nc6 32. Kc3 Nb4 33. Kxc4 Nxa2 34. Rb1 Rc8+ 35. Kd5 Nc3+ 36. Kxd6 Nxb1 37. Rxb1 Bxc2 38. Rb7 h5 39. Ra7 Bd3 40. Nf7+ Kg8 41. d5 Be4 42. g3 Bg2 43. Ke6 h4 44. Ne5 hxg3 45. hxg3 Be4 46. d6 Bf5+ 47. Ke7 Rc3 48. g4 Bc8 49. Kf6 1-0

[Event "Euskadi-ch"]
[Site "Zornotza"]
[Date "2013.04.04"]
[Round "4"]
[White "Padilla Cabero, Pablo"]
[Black "Goiria Egidazu, Jon Asel"]
[Result "0-1"]
[WhiteElo "2153"]
[BlackElo "1947"]
[PlyCount "66"]
[EventDate "2013.04.01"]
[EventType "swiss"]
[EventRounds "7"]
[EventCountry "ESP"]
[SourceTitle "CBM 153 Extra"]
[Source "ChessBase"]
[SourceDate "2013.04.22"]
[SourceVersion "1"]
[SourceVersionDate "2013.04.22"]
[SourceQuality "1"]

1. f4 d5 2. Nf3 g6 3. e3 Bg7 4. Be2 Nf6 5. d3 0-0 6. 0-0 c5 7. a4 Nc6 8. Qe1 Qc7 9. Nc3 e5 10. e4 dxe4 11. dxe4 exf4 12. Ng5 Nd4 13. Bd1 Re8 14. Bxf4 Qe7 15. e5 h6 16. Nf3 Nh5 17. Bd2 Nxf3+ 18. Bxf3 Qxe5 19. Qc1 Qd4+ 20. Rf2 Nf6 21. Nb5 Qd8 22. Bf4 g5 23. Rd2 Qe7 24. Bg3 Rd8 25. Re2 Be6 26. Bc7 Rd7 27. Bxb7 Rf8 28. Nxa7 Rxc7 29. Nc6 Qe8 30. Na5 Qb8 31. Be4 Qb6 32. Qd2 c4+ 33. Kh1 c3 0-1

[Event "Euskadi-ch"]
[Site "Zornotza"]
[Date "2013.04.02"]
[Round "2"]
[White "Segura del Frago, Imanol"]
[Black "Padilla Cabero, Pablo"]
[Result "0-1"]
[WhiteElo "2012"]
[BlackElo "2153"]
[PlyCount "90"]
[EventDate "2013.04.01"]
[EventType "swiss"]
[EventRounds "7"]
[EventCountry "ESP"]
[SourceTitle "CBM 153 Extra"]
[Source "ChessBase"]
[SourceDate "2013.04.22"]
[SourceVersion "1"]
[SourceVersionDate "2013.04.22"]
[SourceQuality "1"]

1. d4 f5 2. c4 g6 3. Nc3 Nh6 4. f3 Nf7 5. e4 d6 6. Be3 Bg7 7. Qd2 c6 8. Bd3 e5 9. d5 f4 10. Bf2 c5 11. a3 g5 12. b4 b6 13. Bc2 h5 14. Ba4+ Kf8 15. Bc6 Nxc6 16. dxc6 Be6 17. Nd5 g4 18. b5 Bh6 19. a4 Kg7 20. a5 bxa5 21. Qxa5 Bxd5 22. Qxd8 Rhxd8 23. cxd5 Rdb8 24. Ra5 Bg5 25. g3 Bd8 26. Ra1 Rxb5 27. gxf4 exf4 28. fxg4 hxg4 29. Ne2 Ba5+ 30. Kd1 f3 31. Ng3 Rab8 32. Nf5+ Kg6 33. Rg1 Rb1+ 34. Rxb1 Rxb1+ 35. Kc2 Rxg1 36. Bxg1 Bc7 37. Bf2 Ng5 38. Kd3 c4+ 39. Ke3 Bb6+ 40. Nd4 Kf7 41. Bg3 Ke8 42. Bxd6 Bxd4+ 43. Kxd4 f2 44. Bf4 Nf7 45. e5 f1Q 0-1

[Event "Euskadi-chT Div Honor"]
[Site "Bergara"]
[Date "2013.02.23"]
[Round "7.3"]
[White "Etchegaray, Patrice"]
[Black "Padilla Cabero, Pablo"]
[Result "1-0"]
[WhiteElo "2396"]
[BlackElo "2171"]
[PlyCount "73"]
[EventDate "2013.01.12"]
[EventType "team"]
[EventRounds "9"]
[EventCountry "ESP"]
[SourceTitle "EXT 2015"]
[Source "ChessBase"]
[SourceDate "2014.11.20"]
[SourceVersion "1"]
[SourceVersionDate "2014.11.20"]
[SourceQuality "1"]

1. e4 Nf6 2. e5 Nd5 3. d4 c5 4. c3 cxd4 5. Nf3 e6 6. cxd4 b6 7. Nc3 Nxc3 8. bxc3 Qc7 9. Bd2 Bb7 10. Bd3 h6 11. 0-0 Be7 12. Ne1 d6 13. f4 g6 14. Qe2 Nd7 15. a4 a5 16. Nc2 Bc6 17. c4 d5 18. cxd5 Bxd5 19. Bc1 Rc8 20. Na3 Qc3 21. Bb2 Qb3 22. Nb5 0-0 23. Ba3 Bxa3 24. Rxa3 Qb4 25. Rb1 Qe7 26. Nd6 Rc7 27. Bb5 Rb8 28. Rh3 Kg7 29. Qd2 h5 30. f5 exf5 31. Rxh5 Rh8 32. Rxh8 Kxh8 33. Qh6+ Kg8 34. Bxd7 Rxd7 35. Rxb6 Rd8 36. h4 Qa7 37. Nxf5 1-0

[Event "Erandio op 21st"]
[Site "Erandio"]
[Date "2012.12.28"]
[Round "6"]
[White "Goiria Egidazu, Jon Asel"]
[Black "Padilla Cabero, Pablo"]
[Result "1-0"]
[WhiteElo "1923"]
[BlackElo "2171"]
[PlyCount "104"]
[EventDate "2012.12.22"]
[EventType "swiss"]
[EventRounds "9"]
[EventCountry "ESP"]
[SourceTitle "CBM 152 Extra"]
[Source "ChessBase"]
[SourceDate "2013.02.25"]
[SourceVersion "1"]
[SourceVersionDate "2013.02.25"]
[SourceQuality "1"]

1. e4 d6 2. d4 c6 3. Nf3 g6 4. Nc3 Bg7 5. a4 a5 6. Be2 Nh6 7. 0-0 Na6 8. Re1 Nb4 9. h3 0-0 10. Be3 f5 11. Qc1 Nf7 12. e5 Be6 13. Bf1 Qd7 14. Ng5 Nxg5 15. Bxg5 Rae8 16. Nd1 dxe5 17. c3 Nd5 18. dxe5 Qc7 19. f4 b5 20. axb5 cxb5 21. Ne3 Qb6 22. Kh2 h6 23. Nxd5 Bxd5 24. Bh4 e6 25. Qe3 Qa6 26. Qc5 Rb8 27. Qa3 Ra8 28. Be7 Rf7 29. Bb4 Rfa7 30. Bc5 Rb7 31. Bb4 Qb6 32. Bc5 Qc6 33. Rad1 Rc8 34. Bf2 a4 35. Rd2 Bf8 36. Qa1 a3 37. bxa3 Qxc3 38. Qxc3 Rxc3 39. Rb1 Bc6 40. Rd8 Rc2 41. Kg1 Kf7 42. a4 b4 43. a5 Bc5 44. Bxc5 Rxc5 45. a6 Rb6 46. a7 Ra5 47. Rb8 Rba6 48. Bxa6 Rxa6 49. Rc8 Be4 50. Rc7+ Ke8 51. Rxb4 Ra1+ 52. Kh2 Kd8 1-0

[Event "Erandio op 21st"]
[Site "Erandio"]
[Date "2012.12.27"]
[Round "5"]
[White "Padilla Cabero, Pablo"]
[Black "Mate Adan, Carlos"]
[Result "0-1"]
[WhiteElo "2171"]
[BlackElo "2255"]
[PlyCount "96"]
[EventDate "2012.12.22"]
[EventType "swiss"]
[EventRounds "9"]
[EventCountry "ESP"]
[SourceTitle "CBM 152 Extra"]
[Source "ChessBase"]
[SourceDate "2013.02.25"]
[SourceVersion "1"]
[SourceVersionDate "2013.02.25"]
[SourceQuality "1"]

1. f4 d5 2. g3 Nf6 3. Nh3 Nbd7 4. d3 e5 5. c3 Bd6 6. Bg2 0-0 7. 0-0 exf4 8. Bxf4 Bxf4 9. Rxf4 c6 10. Qd2 Re8 11. Na3 Qe7 12. Re1 Ne5 13. Nc2 Bd7 14. Rff1 Neg4 15. e3 Qe5 16. Nf4 h5 17. h3 Nh6 18. Nd4 Re7 19. e4 dxe4 20. Bxe4 Nxe4 21. Rxe4 Qg5 22. Rxe7 Qxe7 23. Nxh5 c5 24. Re1 Qd8 25. Nb3 Bxh3 26. Nf4 Qd6 27. Qf2 c4 28. dxc4 Bg4 29. Qc5 Qf6 30. Qe5 Qa6 31. Qb5 Qxa2 32. Qxb7 Rf8 33. Nd4 Qxc4 34. Qxa7 g5 35. Qb6 Kg7 36. Ng2 Qd3 37. Qd6 Qc4 38. Ne3 Qc8 39. Rf1 Qd8 40. Qb4 Bh3 41. Rd1 Qc7 42. Kh2 Rh8 43. Ne2 Ng4+ 44. Kg1 Qa7 45. Nd4 Ne5 46. Rd2 Nf3+ 47. Kf2 Bg4 48. Kg2 Qa8 0-1

[Event "Buxton e2e4 op"]
[Site "Buxton"]
[Date "2012.06.30"]
[Round "3"]
[White "Hebden, Mark"]
[Black "Padilla Cabero, Pablo"]
[Result "1-0"]
[WhiteElo "2512"]
[BlackElo "2179"]
[PlyCount "73"]
[EventDate "2012.06.29"]
[EventType "swiss"]
[EventRounds "5"]
[EventCountry "ENG"]
[SourceTitle "EXT 2013"]
[Source "ChessBase"]
[SourceDate "2012.11.22"]
[SourceVersion "1"]
[SourceVersionDate "2012.11.22"]
[SourceQuality "1"]

1. d4 d6 2. e4 f5 3. Nc3 Nf6 4. Bd3 fxe4 5. Nxe4 Nc6 6. Nxf6+ exf6 7. c3 Be6 8. Ne2 Qd7 9. 0-0 Be7 10. Nf4 Bf7 11. Qf3 0-0 12. Re1 Rfe8 13. Be3 d5 14. h4 Nd8 15. Bc2 c6 16. h5 b6 17. Bd2 f5 18. Nh3 g6 19. Qg3 Nb7 20. Bf4 Bd6 21. hxg6 Bxg6 22. Bxf5 Qxf5 23. Bxd6 Re6 24. Be5 Rf8 25. Re3 Nd8 26. Ng5 Ree8 27. Rae1 Nf7 28. Nf3 Re6 29. Nh4 Qc2 30. Bf4 Rxe3 31. Rxe3 Qd1+ 32. Kh2 Qh5 33. f3 Kh8 34. Re7 a5 35. Kg1 a4 36. a3 Rg8 37. Rxf7 1-0